LDR 00578naa#a2200169#i#450# 001 EN\\bibl\119758 005 20260418030928.6 011 ## _a2782-4586 100 ## _a20260331b2026####ek#y0engy0150####ca 102 ## _aRU 200 1# _aTheoretical foundations of the concept of corporate social responsibility _eJournal article 210 1# _aMoscow _cITBO University _d2026 215 ## _a8 с. 608 ## _aJournal article _2local 675 ## _aЭкономические науки в целом. Политическая экономия. 330 _z 700 #1 _aEfimov _gOleg Valer'evich 856 4# _ajomeam.ru _u